| 000 | 00424nam a2200157 i 4500 | ||
|---|---|---|---|
| 001 | 39507 | ||
| 003 | ES-MaACL | ||
| 005 | 20230906160016.0 | ||
| 007 | t| | ||
| 008 | 030303s1970 sp ||||1| spa d | ||
| 100 | 1 |
_aCanal Rosado, José. _934378 |
|
| 245 | 1 | 0 |
_aCiento volando / _cJosé Canal. |
| 260 |
_aCáceres : _b[Ed. Extremadura], _c1970. |
||
| 300 |
_a79 p. : _bil. ; _c22 cm. |
||
| 852 |
_aES-MaACL _jC-38445 _bR.75546 |
||
| 999 |
_c39507 _d39507 |
||